Luthers Theologie- eine Autobiographie

Uloženo v:
Podrobná bibliografie
Hlavní autor: Beer, Theobald (Autor)
Médium: Kniha
Jazyk:němčina
Vydáno: Baden-Baden Gustav-Siewerth-Akademie 1999
Vydání:2a. ed
Témata:
Tagy: Přidat tag
Žádné tagy, Buďte první, kdo vytvoří štítek k tomuto záznamu!

MARC

LEADER 00000nam a2200000 a 4500
001 UCN3307
003 CL-VaPUC
008 010622e19990000gw |||||||||||||||||ger|d
082 0 4 |a 284.1  |b BEE  |2 21 
100 0 |a Beer, Theobald  |e author  |9 459824 
245 1 0 |a Luthers Theologie- eine Autobiographie 
250 |a 2a. ed 
300 |a 42 p 
600 0 |a Lutero, Martín  |d 1483-1546  |9 859309 
942 |c BK 
945 |d 20010622 00:00:00  |a cmena 
260 |a Baden-Baden  |b Gustav-Siewerth-Akademie  |c 1999 
650 0 |a Protestantismo  |9 317293 
650 7 |a MOVIMIENTOS RELIGIOSOS  |2 CL-VaPUC  |9 346572 
650 7 |a REFORMA RELIGIOSA  |2 CL-VaPUC  |9 257490 
583 |a last modification  |c 20171017 12:13:58  |k Rodrigo Vera 
999 |c 296232  |d 296230 
952 |0 0  |1 0  |4 0  |6 284_100000000000000_BEE_1999  |7 0  |8 P  |9 349868  |a BIBEDU  |b BIBEDU  |d 2019-11-20  |i 3720950  |o 284.1 BEE 1999  |p 3720950  |r 2019-11-20  |w 2019-11-20  |y BK  |k BME